| 000 | 00795nam a2200229 i 4500 | ||
|---|---|---|---|
| 001 | 16297 | ||
| 003 | ES-MaACL | ||
| 005 | 20230906151302.0 | ||
| 007 | t| | ||
| 008 | 000828s1976 sp ||||1| spa d | ||
| 020 | _a84-85081-00-5 | ||
| 080 | _a001(460)"15/16"(093.3) | ||
| 245 | 0 | 0 |
_aMateriales para la historia de las ciencias en España _b: S.XVI-XVII / _cJ.M. López Piñero, V. Navarro Brotóns, E. Portela Marco. |
| 260 |
_aValencia : _bPre-Textos, _c[1976] |
||
| 300 |
_aXI, 314 p. : _bil. ; _c20 cm. |
||
| 504 | _aBibliografía : p. 304-314. | ||
| 650 | 1 | 4 |
_aCiencia- _zEspaña- _yS.XVI-XVII- _vFuentes. _910944 |
| 700 | 1 |
_aLópez Piñero, José María. _973895 |
|
| 700 | 1 |
_aNavarro, Víctor. _985088 |
|
| 700 | 1 |
_aPortela Marco, E. _993210 |
|
| 852 |
_aES-MaACL _jL-23564 _bR.128845 |
||
| 999 |
_c16297 _d16297 |
||